01058cam a22002897a 4500003000500000005001700005008004100022010001000063011001000073020001500083035001000098040000900108100003300117245014000150260005900290300001000349490007800359501002600437650002500463650004400488650004100532700003100573700002400604700003600628700002600664830007800690CHAP20220329142439.0010227d2000 mx r 00110 spa d a83624 a84596 a9688393029 a95121 cCHAP00aFlores Hernández, Aurelia.10aEnfermedades "pasajeras" y de "gravedad"; género y salud en Sierra Santa Martha, Veracruzc/por Aurelia Flores Hernández (y otros). aMontecillo, Méx. :bColegio de Postgraduados,c2000. a46 p. 0aComunicación en socioeconomía, estadística e informáticav; 4 (1) aEnc. con otro impreso14aEnfoque de género.14aMujer en comunidades ruralesxVeracruz.14aMujerxSituación socialzVeracruz.0 aAlberti Manzanares, Pilar.0 aNazar, Austreberta.0 aVázquez García, Verónica.0 aZapata Martelo, Emma.00aComunicación en socioeconomía, estadística e informáticav; 4 (1)